L'art du menuisier / (Record no. 153441)

MARC details
000 -LEADER
campo de control de longitud fija 02101nam a2200397 i 4500
001 - NÚMERO DE CONTROL
campo de control 153441
003 - IDENTIFICADOR DE NÚMERO DE CONTROL
campo de control ES-MaACL
005 - FECHA Y HORA DE LA ÚLTIMA TRANSACCIÓN
campo de control 20250818063103.0
008 - DATOS DE LONGITUD FIJA--INFORMACIÓN GENERAL
campo de control de longitud fija 021031m17711775fr a |r |||| 0 fre
040 ## - FUENTE DE CATALOGACIÓN
Centro catalogador/agencia de origen CCPB | B
Lengua de catalogación spa
Centro/agencia transcriptor ES-MaACL
080 ## - NÚMERO DE LA CLASIFICACIÓN DECIMAL UNIVERSAL
Número de la Clasificación Decimal Universal 749.1
080 ## - NÚMERO DE LA CLASIFICACIÓN DECIMAL UNIVERSAL
Número de la Clasificación Decimal Universal 674
080 ## - NÚMERO DE LA CLASIFICACIÓN DECIMAL UNIVERSAL
Número de la Clasificación Decimal Universal 694
100 1# - ENTRADA PRINCIPAL--NOMBRE DE PERSONA
Nombre de persona Roubo, André Jacob,
Fechas asociadas al nombre 1739-1791
Término indicativo de función/relación Autor
9 (RLIN) 153968
245 12 - MENCIÓN DEL TÍTULO
Título L'art du menuisier /
Mención de responsabilidad, etc. par M. Roubo le Fils
260 ## - PUBLICACIÓN, DISTRIBUCIÓN, ETC.
Lugar de publicación, distribución, etc. A Paris :
Nombre del editor, distribuidor, etc. chez Desaint & Saillant,
Fecha de publicación, distribución, etc. 1771-1775
Fabricante (Imp. de L.F. Delatour)
300 ## - DESCRIPCIÓN FÍSICA
Extensión 4 volúmenes ([7], 453-458 ; [3], 600-762 ; [8], 763-1036 ; [3], 1038-1312 ; IV p., 171-382 hojas de láminas plegadas) ;
Dimensiones 44 cm
490 1# - MENCIÓN DE SERIE
Mención de serie Descriptions des arts et métiers
505 0# - NOTA DE CONTENIDO CON FORMATO
Nota de contenido con formato Vol. I. Art du menuisier-carrossier, 1771 - v. II. L'art du menusier en meubles, 1772 - v. III. L'art du menusier ébeniste, 1774 - v. IV. L'art du treillageur ou menuiserie des jardins, 1775
530 ## - NOTA DISPONIBLE DE FORMULARIO FÍSICO ADICIONAL
Nota de formato físico adicional disponible Disponible en formato digital
596 ## - NOTA DE PIE DE IMPRENTA
Nota Marca tip. en port.
596 ## - NOTA DE PIE DE IMPRENTA
Nota Fecha de publicación de cada parte tomada de las portadillas
597 ## - NOTA A LA DESCRIPCION FISICA
Nota Sign.: [ ]8, 5Z-15H2, *2.
599 ## - NOTA A LAS ILUSTRACIONES
Nota Hojas de láminas: grabados calcográficos
650 #7 - PUNTO DE ACCESO ADICIONAL DE MATERIA--TÉRMINO DE MATERIA
Término de materia o nombre geográfico como elemento de entrada Ebanistería
Fuente del encabezamiento o término embne
9 (RLIN) 153969
650 #7 - PUNTO DE ACCESO ADICIONAL DE MATERIA--TÉRMINO DE MATERIA
Término de materia o nombre geográfico como elemento de entrada Carpintería
Fuente del encabezamiento o término embne
9 (RLIN) 10790
830 #0 - PUNTO DE ACCESO ADICIONAL DE SERIE-TÍTULO UNIFORME
Título uniforme Descriptions des arts et métiers
9 (RLIN) 241750
852 4# - LOCALIZACIÓN
Ubicación ES-MaACL
Ubicación en estantería Depósito
Signatura antigua Olim: C-10827-70
Número de control de estantería R-38-43
Encuadernación Enc. en 6 v.
-- Holandesa
--
856 4# - LOCALIZACIÓN Y ACCESO ELECTRÓNICOS
Identificador Uniforme de Recursos <a href="http://gallica.bnf.fr/ark:/12148/bpt6k62781043/f8.image ">http://gallica.bnf.fr/ark:/12148/bpt6k62781043/f8.image </a>
Texto de enlace Versión en línea: v. I
Nota pública (Gallica. Bibliothèque nationale de France)
856 4# - LOCALIZACIÓN Y ACCESO ELECTRÓNICOS
Identificador Uniforme de Recursos <a href="http://gallica.bnf.fr/ark:/12148/bpt6k10672080?rk=64378;0 ">http://gallica.bnf.fr/ark:/12148/bpt6k10672080?rk=64378;0 </a>
Texto de enlace Versión en línea: v. II
Nota pública (Gallica. Bibliothèque nationale de France)
Método de acceso
856 4# - LOCALIZACIÓN Y ACCESO ELECTRÓNICOS
Identificador Uniforme de Recursos <a href="http://gallica.bnf.fr/ark:/12148/bpt6k10672102?rk=21459;2 ">http://gallica.bnf.fr/ark:/12148/bpt6k10672102?rk=21459;2 </a>
Texto de enlace Versión en línea: v. III
Nota pública (Gallica. Bibliothèque nationale de France)
856 4# - LOCALIZACIÓN Y ACCESO ELECTRÓNICOS
Identificador Uniforme de Recursos <a href="http://gallica.bnf.fr/ark:/12148/bpt6k1067212w?rk=107296;4 ">http://gallica.bnf.fr/ark:/12148/bpt6k1067212w?rk=107296;4 </a>
Texto de enlace Versión en línea: v. IV
Nota pública (Gallica. Bibliothèque nationale de France)
942 ## - ELEMENTOS DE ENTRADA SECUNDARIOS (KOHA)
Tipo de ítem Koha Libro impreso antiguo
Suprimir en OPAC No
Holdings
Estatus retirado Estado de pérdida Estado de daño No para préstamo Colección Biblioteca de origen Biblioteca actual Ubicación en estantería Fecha de adquisición Fuente de adquisición Total de préstamos Signatura topográfica completa Código de barras Visto por última vez Precio de reemplazo Tipo de ítem Koha
        Colección digital Biblioteca del Ateneo de Madrid Biblioteca del Ateneo de Madrid Depósito 17/01/2008     R-38-43 1160364 23/02/2023 23/02/2023 Libro impreso antiguo